[Event "Pardubice Czech op-E 35th"]
[Site "Pardubice"]
[Date "2025.07.18"]
[Round "3.3"]
[White "Bombek, Peter"]
[Black "Hak, David"]
[Result "0-1"]
[WhiteElo "2111"]
[BlackElo "2296"]
[PlyCount "112"]
[EventDate "2025.07.17"]
[EventType "team-swiss"]
[EventRounds "7"]
[EventCountry "CZE"]
[SourceTitle "CB30_2025"]
[SourceDate "2025.07.23"]
[SourceVersion "1"]
[SourceVersionDate "2025.07.23"]
[SourceQuality "1"]
[WhiteTeam "Dubnica nad Vahom"]
[BlackTeam "Pisek"]
[WhiteTeamCountry "SVK"]
[BlackTeamCountry "CZE"]

1. e4 c5 2. c3 Nf6 3. e5 Nd5 4. Nf3 e6 5. Bc4 d6 6. d4 dxe5 7. Nxe5 Nc6 8. 0-0 Nxe5 9. dxe5 a6 10. a4 Nb6 11. Be2 Qc7 12. a5 Nd7 13. f4 Be7 14. Nd2 0-0 15. Nc4 b5 16. axb6 Nxb6 17. Bf3 Bb7 18. Bxb7 Qxb7 19. Qb3 Qd5 20. Qxb6 Qxc4 21. Qb7 Rfe8 22. Rd1 Qe2 23. Qf3 Qxf3 24. gxf3 Reb8 25. Ra2 h6 26. Be3 Rb7 27. Kf1 Kh7 28. Rd2 Bf8 29. Ke2 Kg6 30. Kd3 Rd8+ 31. Kc4 Rxd2 32. Bxd2 Rb6 33. Be3 Rc6 34. b3 Kf5 35. Rd2 g5 36. fxg5 hxg5 37. Rd7 Kg6 38. h3 Rc8 39. Ra7 Rc6 40. Ra8 Bg7 41. Bxc5 Bxe5 42. b4 Kf5 43. Rf8 f6 44. Kd3 Kf4 45. Be3+ Kxf3 46. Bxg5 Rxc3+ 47. Kd2 f5 48. h4 Rc6 49. Be7 Ke4 50. h5 Bf4+ 51. Kd1 Rc1+ 52. Ke2 Rc2+ 53. Kd1 Rd2+ 54. Ke1 Rd7 55. Bc5 Kf3 56. Rf6 Bg3+ 0-1

[Event "Teguise Hotel op"]
[Site "Lanzarote"]
[Date "2024.08.15"]
[Round "1"]
[White "Zhou, Tony1"]
[Black "Bombek, Peter"]
[Result "0-1"]
[WhiteElo "1566"]
[BlackElo "2069"]
[PlyCount "100"]
[EventDate "2024.08.15"]
[EventType "swiss"]
[EventRounds "9"]
[EventCountry "ESP"]
[SourceTitle "CBM 221 Extra"]
[Source "ChessBase"]
[SourceDate "2024.09.30"]
[SourceVersion "1"]
[SourceVersionDate "2024.09.30"]
[SourceQuality "1"]

1. e4 e6 2. d4 d5 3. exd5 exd5 4. Bd3 c5 5. c3 Nc6 6. Nf3 cxd4 7. Nxd4 Nxd4 8. cxd4 Bb4+ 9. Nc3 Qe7+ 10. Be3 Nf6 11. 0-0 0-0 12. Bg5 Bxc3 13. bxc3 h6 14. Re1 Qd6 15. Bh4 Bd7 16. Qf3 Bg4 17. Qg3 Qxg3 18. Bxg3 Rac8 19. Rac1 Rfe8 20. Rxe8+ Rxe8 21. f3 Bh5 22. Kf2 Bg6 23. Bxg6 fxg6 24. c4 Rc8 25. c5 Rc6 26. Ke2 Kf7 27. Kd2 g5 28. Bb8 Nd7 29. Rb1 b6 30. Bxa7 bxc5 31. dxc5 Ra6 32. Rb7 Ke6 33. c6 Rxc6 34. Bd4 g6 35. Rb1 Rc4 36. Bc3 Ra4 37. Rb2 g4 38. fxg4 Rxg4 39. Ke3 Re4+ 40. Kd3 Nc5+ 41. Kd2 Ra4 42. Bg7 h5 43. Rc2 Ne4+ 44. Kc1 d4 45. Rc8 Nd6 46. Rc6 Kd5 47. Rb6 d3 48. Bh6 Rxa2 49. Bf4 Ne4 50. Rxg6 Ra1+ 0-1

[Event "SVK-chT1W 2324"]
[Site "Slovakia"]
[Date "2024.03.09"]
[Round "10.3"]
[White "Bombek, Peter"]
[Black "Skreko, Igor1"]
[Result "1/2-1/2"]
[WhiteElo "2101"]
[BlackElo "2121"]
[PlyCount "65"]
[EventDate "2023.10.21"]
[EventType "team-tourn"]
[EventRounds "11"]
[EventCountry "SVK"]
[SourceTitle "EXT 2025"]
[Source "ChessBase"]
[SourceDate "2024.10.14"]
[SourceVersion "1"]
[SourceVersionDate "2024.10.14"]
[SourceQuality "1"]
[WhiteTeam "Dubnica nad Vahom II"]
[BlackTeam "Bratislava KSN"]
[WhiteTeamCountry "SVK"]
[BlackTeamCountry "SVK"]

1. e4 c5 2. c3 g6 3. d4 cxd4 4. cxd4 d5 5. e5 Bg7 6. Nc3 Nc6 7. Bb5 a6 8. Ba4 Nh6 9. Bb3 e6 10. Nf3 f6 11. 0-0 0-0 12. h3 fxe5 13. Nxe5 Nf5 14. Nxc6 bxc6 15. Be3 Qh4 16. Ne2 Nxe3 17. fxe3 Bd7 18. Qd3 Bh6 19. Bc2 e5 20. dxe5 Bf5 21. Qc3 Bxc2 22. Qxc2 Bxe3+ 23. Kh1 Qh5 24. e6 Rae8 25. Rxf8+ Rxf8 26. e7 Re8 27. Qxc6 Rxe7 28. Qc8+ Kg7 29. Rf1 Rf7 30. Rxf7+ Kxf7 31. Qd7+ Kf8 32. Qd8+ Kf7 33. Qd7+ 1/2-1/2

[Event "SVK-chT1W 2324"]
[Site "Slovakia"]
[Date "2024.02.03"]
[Round "8.6"]
[White "Bombek, Peter"]
[Black "Budinsky, Martin"]
[Result "1/2-1/2"]
[WhiteElo "2101"]
[BlackElo "2066"]
[PlyCount "69"]
[EventDate "2023.10.21"]
[EventType "team-tourn"]
[EventRounds "11"]
[EventCountry "SVK"]
[SourceTitle "EXT 2025"]
[Source "ChessBase"]
[SourceDate "2024.10.14"]
[SourceVersion "1"]
[SourceVersionDate "2024.10.14"]
[SourceQuality "1"]
[WhiteTeam "Dubnica nad Vahom II"]
[BlackTeam "Levice II"]
[WhiteTeamCountry "SVK"]
[BlackTeamCountry "SVK"]

1. d4 f5 2. Bg5 Nf6 3. Bxf6 exf6 4. e3 d5 5. c4 c6 6. Nc3 Be6 7. Qb3 Qd7 8. cxd5 cxd5 9. Nge2 Bd6 10. g3 Nc6 11. Bg2 Na5 12. Qb5 Qxb5 13. Nxb5 Kd7 14. Nf4 Bxf4 15. exf4 Rhc8 16. Nc3 Kd6 17. Rc1 Nc4 18. b3 Na3 19. Kd2 Rc7 20. Bf1 Rac8 21. Bd3 Bd7 22. Rhg1 g6 23. Nb1 Rxc1 24. Rxc1 Rxc1 25. Kxc1 Nxb1 26. Kxb1 b5 27. b4 Ke7 28. Kb2 Kf8 29. Kc3 Bc6 30. Be2 Ke7 31. Kd2 Kd6 32. Bf1 Ke7 33. Bg2 Kd6 34. Ke2 Ke7 35. Kd3 1/2-1/2

[Event "Donau op 32nd"]
[Site "Aschach"]
[Date "2023.12.29"]
[Round "5"]
[White "Sandhoefner, Florian"]
[Black "Bombek, Peter"]
[Result "1-0"]
[WhiteElo "2281"]
[BlackElo "2101"]
[PlyCount "107"]
[EventDate "2023.12.26"]
[EventType "swiss"]
[EventRounds "7"]
[EventCountry "AUT"]
[SourceTitle "EXT 2025"]
[Source "ChessBase"]
[SourceDate "2024.10.14"]
[SourceVersion "1"]
[SourceVersionDate "2024.10.14"]
[SourceQuality "1"]

1. e4 e6 2. d4 d5 3. Nd2 c5 4. exd5 exd5 5. Ngf3 Nc6 6. Bb5 Qe7+ 7. Be2 Qc7 8. 0-0 Nf6 9. Re1 cxd4 10. Nb3 Bb4 11. Bd2 Bxd2 12. Qxd2 0-0 13. Nfxd4 Bd7 14. Rad1 Rfe8 15. Nb5 Qb6 16. Nc3 Bf5 17. Bf3 Rxe1+ 18. Rxe1 d4 19. Na4 Qb4 20. Qxb4 Nxb4 21. Nxd4 Bxc2 22. Nc5 Rd8 23. Nxc2 Nxc2 24. Nxb7 Rb8 25. Rd1 g5 26. Rd8+ Rxd8 27. Nxd8 Nd4 28. Bb7 Kf8 29. Nc6 Nxc6 30. Bxc6 Ke7 31. f3 Kd6 32. Ba4 Nd5 33. Bb3 Nf4 34. Bxf7 Ke5 35. g3 Nd3 36. b3 Kd4 37. Bc4 Nb4 38. a4 Ke3 39. Kg2 a5 40. Bg8 h6 41. Bh7 Na6 42. Be4 Nc5 43. Kh3 Nxb3 44. Kg4 Nd2 45. Bb7 Nf1 46. f4 gxf4 47. gxf4 h5+ 48. Kg5 Nxh2 49. f5 Ng4 50. f6 Ne5 51. Kxh5 Kd4 52. Kh6 Kc4 53. Ba6+ Kd5 54. Kg7 1-0

[Event "SVK-chT1W 2324"]
[Site "Slovakia"]
[Date "2023.10.22"]
[Round "2.7"]
[White "Kovarikova, Maria"]
[Black "Bombek, Peter"]
[Result "1/2-1/2"]
[WhiteElo "1938"]
[BlackElo "2082"]
[PlyCount "96"]
[EventDate "2023.10.21"]
[EventType "team-tourn"]
[EventRounds "11"]
[EventCountry "SVK"]
[SourceTitle "EXT 2025"]
[Source "ChessBase"]
[SourceDate "2024.10.14"]
[SourceVersion "1"]
[SourceVersionDate "2024.10.14"]
[SourceQuality "1"]
[WhiteTeam "Komarno II"]
[BlackTeam "Dubnica nad Vahom II"]
[WhiteTeamCountry "SVK"]
[BlackTeamCountry "SVK"]

1. e4 e6 2. d4 d5 3. Nd2 c5 4. exd5 exd5 5. c3 cxd4 6. cxd4 Nc6 7. Ngf3 Nf6 8. Be2 Bd6 9. 0-0 0-0 10. Re1 Qb6 11. Nb3 Bf5 12. a3 a5 13. Be3 a4 14. Nc1 Qxb2 15. Nd3 Qb6 16. Nc5 Bxc5 17. dxc5 Qb3 18. Qc1 Rfe8 19. Rd1 h6 20. Rd2 Rxe3 21. fxe3 Qxe3+ 22. Kh1 Na5 23. Rb2 Qxc1+ 24. Rxc1 Nb3 25. Rf1 Be4 26. Nd2 Nxc5 27. Nxe4 Nfxe4 28. Bf3 Re8 29. Kg1 Nb3 30. Re1 Re6 31. Rc2 Nec5 32. Rd1 d4 33. Bd5 Re5 34. Bc4 b6 35. Re2 Rxe2 36. Bxe2 Kf8 37. Bb5 Ke7 38. Rb1 Kd6 39. Bxa4 Nxa4 40. Rxb3 Kc5 41. Kf1 Nc3 42. Ke1 b5 43. Kd2 Nd5 44. Rf3 f6 45. Rg3 g5 46. Rh3 Kc4 47. Rxh6 Nc3 48. Rh8 Nb1+ 1/2-1/2

[Event "SVK-chT2B 2324"]
[Site "Slovakia"]
[Date "2023.10.08"]
[Round "2.1"]
[White "Nemeth, Eugen"]
[Black "Bombek, Peter"]
[Result "1/2-1/2"]
[WhiteElo "1996"]
[BlackElo "2082"]
[PlyCount "42"]
[EventDate "2023.10.07"]
[EventType "team-tourn"]
[EventRounds "11"]
[EventCountry "SVK"]
[SourceTitle "EXT 2025"]
[Source "ChessBase"]
[SourceDate "2024.10.14"]
[SourceVersion "1"]
[SourceVersionDate "2024.10.14"]
[SourceQuality "1"]
[WhiteTeam "Nove Zamky"]
[BlackTeam "Dubnica nad Vahom III"]
[WhiteTeamCountry "SVK"]
[BlackTeamCountry "SVK"]

1. c4 e6 2. Nf3 d5 3. g3 c5 4. Bg2 Nc6 5. 0-0 d4 6. d3 h6 7. e3 Nf6 8. exd4 cxd4 9. Re1 Bd6 10. Na3 0-0 11. Nc2 a5 12. a3 e5 13. Rb1 a4 14. b4 axb3 15. Rxb3 Qa5 16. Rb5 Qa4 17. Nb4 Qxd1 18. Rxd1 Na7 19. Ra5 Bc7 20. Rc5 Bd6 21. Ra5 Bc7 1/2-1/2